Jawetz, Melnick & Adelberg's medical microbiology / (Record no. 99334)

MARC details
000 -LEADER
fixed length control field 01665cas a2200433 i 4500
003 - CONTROL NUMBER IDENTIFIER
control field URS
005 - DATE AND TIME OF LATEST TRANSACTION
control field 20260330155315.0
008 - FIXED-LENGTH DATA ELEMENTS--GENERAL INFORMATION
fixed length control field 260330c19919999ctuhr 0 a0eng c
020 ## - INTERNATIONAL STANDARD BOOK NUMBER
International Standard Book Number 981307616
037 ## - SOURCE OF ACQUISITION
Source of stock number/acquisition Appleton & Lange, 25 Van Zant St., E. Norwalk, CT 06855
040 ## - CATALOGING SOURCE
Description conventions rda
Transcribing agency URS
Language of cataloging English
050 00 - LIBRARY OF CONGRESS CALL NUMBER
Classification number QR46
Item number .J329 2019
210 0# - ABBREVIATED TITLE
Abbreviated title Jawetz, Melnick Adelberg's med. microbio.
222 #0 - KEY TITLE
Key title Jawetz, Melnick & Adelberg's medical microbiology
245 00 - TITLE STATEMENT
Title Jawetz, Melnick & Adelberg's medical microbiology /
Statement of responsibility, etc Stefan Riedel...[and three others].
246 10 - VARYING FORM OF TITLE
Title proper/short title Jawetz, Melnick, and Adelberg's medical microbiology
246 10 - VARYING FORM OF TITLE
Title proper/short title Medical microbiology
246 18 - VARYING FORM OF TITLE
Title proper/short title Microbiology
250 ## - EDITION STATEMENT
Edition statement 28th edition.
264 ## - PUBLICATION, DISTRIBUTION, ETC. (IMPRINT)
Place of publication, distribution, etc Norwalk, Connecticut :
Name of publisher, distributor, etc Appleton and Lange,
Date of publication, distribution, etc ©2019.
300 ## - PHYSICAL DESCRIPTION
Extent volumes :
Other physical details illustrations ;
Dimensions 26 cm.
336 ## - CONTENT TYPE
Content type term text
Content type code txt
Source rdacontent
337 ## - MEDIA TYPE
Media type term unmediated
Media type code n
Source rdamedia
338 ## - CARRIER TYPE
Carrier type term volume
Carrier type code nc
Source rdacarrier
500 ## - GENERAL NOTE
General note "A Lange medical book."
588 ## - SOURCE OF DESCRIPTION NOTE
Source of description note Latest issue consulted: 20th edition (1995).
590 ## - LOCAL NOTE (RLIN)
Local note SERBIB/SERLOC merged record
650 #0 - SUBJECT ADDED ENTRY--TOPICAL TERM
Topical term or geographic name as entry element Medical microbiology.
650 #2 - SUBJECT ADDED ENTRY--TOPICAL TERM
Topical term or geographic name as entry element Microbiology.
650 #7 - SUBJECT ADDED ENTRY--TOPICAL TERM
Topical term or geographic name as entry element Medical microbiology.
Source of heading or term fast
Authority record control number (OCoLC)fst01014362
655 #2 - INDEX TERM--GENRE/FORM
Genre/form data or focus term Periodicals.
655 #4 - INDEX TERM--GENRE/FORM
Genre/form data or focus term Fulltext.
655 #4 - INDEX TERM--GENRE/FORM
Genre/form data or focus term Books.
655 #4 - INDEX TERM--GENRE/FORM
Genre/form data or focus term Internet Resources.
776 08 - ADDITIONAL PHYSICAL FORM ENTRY
Display text Online version:
Title Jawetz, Melnick & Adelberg's medical microbiology
Record control number (OCoLC)593560460
776 08 - ADDITIONAL PHYSICAL FORM ENTRY
Display text Online version:
Title Jawetz, Melnick & Adelberg's medical microbiology
Record control number (OCoLC)608418633
780 00 - PRECEDING ENTRY
Title Medical microbiology (Norwalk, Conn.)
International Standard Serial Number 1042-8089
Record control number (DLC) 89650931
-- (OCoLC)19224929
942 ## - ADDED ENTRY ELEMENTS (KOHA)
Source of classification or shelving scheme Library of Congress Classification
Koha item type Reserved Books
Holdings
Withdrawn status Lost status Source of classification or shelving scheme Damaged status Not for loan Collection code Home library Current library Shelving location Date acquired Source of acquisition Cost, normal purchase price Total Checkouts Full call number Barcode Date last seen Copy number Cost, replacement price Price effective from Koha item type
    Library of Congress Classification     Non-fiction Taytay College Library Taytay College Library Medicine Collection 03/30/2026 Purchased 3948.00   QR46 .J329 2019 URSTAY-6133 03/30/2026 1 3948.00 03/30/2026 Reserved Books

University of Rizal System
Email us at univlibservices@urs.edu.ph

Visit our Website www.urs.edu.ph/library